000 00789nam a2200265Ia 4500
003 OSt
005 20220918163236.0
006 a|||||r|||| 00| 0
007 ta
008 220917b |||||||| |||| 00| 0 eng d
020 _a0 435 32003 3
024 _a252,694
037 _cTextual
040 _aARTS
_cARTS
_beng
041 _2eng
_aeng
082 _aZ3vN65<--L50, K7;2
100 _aAbel-Smith Brian
_912250
245 0 _aLawyers and the courts
_b A sociological study of the English legal system 1750-1965
260 _aLondon
_bHeinemann UK
_c1967
300 _axiv,504p.
_ccm.
650 _aLAW
_97240
700 _a Stevens Robert
_912251
942 _hZ3vN65<--L50, K7;2
_cTEXL
_2CC
999 _c118683
_d118683